Cifras sobre producción industrial 1974-1983
Сохранить в:
| Соавтор: | |
|---|---|
| Формат: | Текст |
| Язык: | Spanish |
| Опубликовано: |
San José, Costa Rica:
Banco Central de Costa Rica ;
s.f.
|
| Предметы: | |
| Метки: |
Добавить метку
Нет меток, Требуется 1-ая метка записи!
|
MARC
| LEADER | 00000 a a2200000 04500 | ||
|---|---|---|---|
| 001 | 21040 | ||
| 003 | cru IIS | ||
| 005 | 20220324082917.0 | ||
| 008 | 220324b cr|||||| |||| 00| 0 spa d | ||
| 020 | |a [sin ISBN] | ||
| 040 | |a Centro de Recursos para el Aprendizaje y la Investigación |b español |c cru IIS | ||
| 090 | |a 08.04.01 B213c | ||
| 110 | |a Banco Central de Costa Rica. Departamento de Contabilidad Social. Sección de Cuentas Nacionales | ||
| 245 | |a Cifras sobre producción industrial 1974-1983 | ||
| 260 | |a San José, Costa Rica: |b Banco Central de Costa Rica ; |c s.f. | ||
| 300 | |a 20 páginas | ||
| 500 | |a Colección Centroamérica | ||
| 650 | 0 | 0 | |0 TESAUROS |2 OCDE |9 3485 |a PRODUCCION INDUSTRIAL |
| 650 | 0 | 4 | |2 OCDE |9 1956 |a ESTADISTICAS DE PRODUCCION |0 TESAUROS |
| 852 | 1 | 1 | |a 08.04.01 B213c |
| 942 | |2 ddc |c LI |h 08.04.01 B213c |k 08.04.01 |m B213c |6 080401_B213C | ||
| 999 | |c 44160 |d 44160 | ||
